000 01079cam a2200313 i 4500
001 17979105
003 OSt
005 20260129111604.0
008 131213s2014 sz ae 000 0 eng
010 _a 2013391945
020 _a9783037681503 (hd. bd.)
040 _aDLC
_beng
_cDLC
_erda
042 _apcc
050 0 0 _aNA2700
_b.U34 2014
082 _a720.222
_bUFF
100 1 _aUffelen, Chris van.
_9118865
245 1 4 _aThe book of drawings + sketches :
_barchitecture /
_cChris von Uffelen.
246 3 _aBook of drawings and sketches
250 _a1st ed.
260 _bBraun;
_c2014.
300 _a367 pages :
_bchiefly illustrations (chiefly color), plans ;
_c25 x 29 cm
650 0 _aArchitectural drawing.
_925520
650 0 _aArchitects
_vBiography.
_9120854
650 0 _aArchitecture
_vPictorial works.
_9120855
906 _a7
_bcbc
_corigres
_d3
_encip
_f20
_gy-gencatlg
942 _2ddc
_cBK
_aSADA
_k720.222 UFF 2014
999 _c607907
_d607907